Las normas en el camino del islam /

Guardado en:
Autor Principal: Qutb, Sa Id
Formato: Libro
Publicado: Malasia : I.i.f.s.o., 1981
Materias:
Etiquetas: Agregar Etiqueta
Sin Etiquetas, Sea el primero en etiquetar este registro!
LEADER 00454nam a22001695a 4500
001 CEM.cems005258
005 20060220000000.0
008 130507s1981##################000#0#####d
003 CEMS
082 0 4 |a 297 
100 1 |a Qutb, Sa Id 
245 1 0 |a Las normas en el camino del islam / 
260 |a Malasia :  |b I.i.f.s.o.,  |c 1981 
300 |a 236 p. 
653 |a Islamismo 
653 |a Religion-sistemas 
859 |a CEMS  |b BIB. CEMS - 11 de abril  |h 297  |i Q66-2  |p 15093.88  |t Ej.1